Hành trình về nguồn

Nội dung DVD giới thiệu những chuyến đi về nguồn của sinh viên, học viên, cán bộ của Học viện Hải Quân, Quân đội Nhân dân Việt Nam đến đến các nhà giàn DK1, quần đảo Trường Sa, phim, hình ảnh tư liệu về các cuộc hải chiến năm 1974, 1988 cu...

Ful tanımlama

Kaydedildi:
Detaylı Bibliyografya
Kurumsal yazarlar: Học viên Hải quân., Phòng Khoa học Quân sự
Materyal Türü: Kitap
Dil:Undetermined
Baskı/Yayın Bilgisi: Hà Nôi Học viện Hải quân 2015
Konular:
Etiketler: Etiketle
Etiket eklenmemiş, İlk siz ekleyin!
Thư viện lưu trữ: Trung tâm Học liệu Trường Đại học Cần Thơ
LEADER 01205nam a2200229Ia 4500
001 CTU_225357
008 210402s9999 xx 000 0 und d
082 |a 355.0330597 
082 |b Ph431/CD.2 
110 |a Học viên Hải quân. 
110 |b Phòng Khoa học Quân sự 
245 0 |a Hành trình về nguồn 
245 0 |c Học viên Hải quân. Phòng Khoa học Quân sự 
260 |a Hà Nôi 
260 |b Học viện Hải quân 
260 |c 2015 
520 |a Nội dung DVD giới thiệu những chuyến đi về nguồn của sinh viên, học viên, cán bộ của Học viện Hải Quân, Quân đội Nhân dân Việt Nam đến đến các nhà giàn DK1, quần đảo Trường Sa, phim, hình ảnh tư liệu về các cuộc hải chiến năm 1974, 1988 của hải quân nhân dân Việt Nam, huấn luyện, đào tạo cán bộ chiến sỹ tại Học viện Hải quân Việt Nam. 
650 |a Hải quân,Sea-power 
650 |x Lịch sử,History 
904 |i Qhieu 
910 |b dqhieu 
980 |a Trung tâm Học liệu Trường Đại học Cần Thơ